Score 0/22 Timer 08:00
0 Plays Today
Question Answer % Correct
Batcopter is a mode of transport for what superhero?Batman
98.1%
A standard modern grand piano has how many pedals?Three
54.5%
Degas' painting 'The Dance Class' shows what type of dancing?Ballet
54.4%
Cambodia's flag features two stripes of what primary colour?Blue
52.6%
The Polish president's official residence is in what city?Warsaw
52.2%
On what Channel 4 gameshow do players play for a teapot?Countdown
49%
The US Secret Service was founded to combat counterfeit what?Currency
47.7%
What first name links golfers Casey and McGinley?Paul
47.4%
Which Pope issued a papal ball in 1998?Pope John Paul II
41.3%
The film 'Casablanca' is set in what country?Morocco
40.5%
What food is sold in truckles, wheels, and wedges?Cheese
39.3%
Question Answer % Correct
Which of the 5 basic tastes begins with the letter 'b'?Bitter
35.5%
Which entertainer's phone app is called 'The Swift Life'?Taylor Swift
34.5%
Eleanor of Aquitaine's first husband was king of what country?France
33.8%
Mary Reveley trained more than 2,000 winners in what sport?Horse racing
31.7%
Millenium Point is in what English Midlands city?Birmingham
30.9%
Lishu is a method of writing which language?Chinese
18.1%
Hannah Tointon played Tara in what TV comedy series?The Inbetweeners
16.2%
What terrier is the state dog of Massachusetts?Boston terrier
13.4%
'The Prophecies' is a book by what French astrologer?Nostradamus
11.6%
The Beano character Plug attends what school?Bash Street School
9.9%
What Royal Navy rank comes between lieutenant and commander?Lieutenant commander
7.6%
Remove Ads.
Support Sporcle.
Get the best of Sporcle when you Go Orange. This ad-free experience offers more features, more stats, and more fun while also helping to support Sporcle. Thank you for becoming a member.

You're not logged in!

Compare scores with friends on all Sporcle quizzes.
OR
Log In

Sporcle TV

Today on Sporcle TV


Watch our educational content, quiz creation guides, and fun videos on Sporcle TV.

Show Comments

Extras

Created Jul 3, 2020ReportNominate
Tags:chase, final, round, Win

Top Quizzes Today


Score Distribution

Paid Content

Your Account Isn't Verified!

In order to create a playlist on Sporcle, you need to verify the email address you used during registration. Go to your Sporcle Settings to finish the process.

Report this User

Report this user for behavior that violates our Community Guidelines.

Details: